000 00606nam a2200181Ia 4500
008 100920s9999 xx 000 0 und d
082 _b99983
_a--- न 07
100 _aनाईक गुरुनाथ.
245 _aकायद्याचे रक्षक.
260 _bसायली प्रकाशन पुणे.
_c2007
300 _a212
_bसाधी
365 _b210
520 _aकादंबरी.
630 _aकायद्याचे रक्षक.
650 _aकादंबरी.
730 _aकायद्याचे रक्षक.
942 _cBOOK
999 _c740421
_d740418